000 00557cam a2200145 4500500
005 20260201152300.0
041 _afre
042 _adc
100 1 0 _aAlante-Lima, Willy
_eauthor
245 0 0 _aDictionnaire des gens de couleur dans la France moderne (fin XVe s.-1792), dir. E. Noël, Éditions Droz, Suisse, juin 2011
260 _c2011.
500 _a52
786 0 _nPrésence Africaine | 184 | 2 | 2011-12-01 | p. 265d-293d | 0032-7638
856 4 1 _uhttps://shs.cairn.info/revue-presence-africaine-2011-2-page-265d?lang=fr&redirect-ssocas=7080
999 _c1643093
_d1643093